00973cam a22002297a 4500999001500000003000400015005001700019008004100036017004500077020001800122040001400140100003300154245014900187260003100336300005100367630003900418650006300457700004600520700003300566942001300599952013100612 c6969d6969OSt20210916133538.0161026s2016 spca 000 0 spa d aDL B 29376-2015bBiblioteca de Catalunya a9788416418510 bcatcCDMR1 aClaramunt, Jaime,d1867-194913aEl Diluvio b: memorias de un diario republicano y federalista de Barcelona (1858-1939) cJaime Claramunt y Frederic Pujulà ; Gil Toll, editor aBarcelona :bCarena,c2016 a234 p., [24] p. de làm. :bil. col. ;c21 cm07aDiluvio (Diari)xHistòria2lemac 7aDiaris castellanszCatalunyazBarcelonaxHistòria2lemac1 aPujulà i Vallès, Frederic,d1877-19631 aToll, Gilld1963-eed.93885 cMON2udc 00104070aCDMRbCDMRd2016-10-26eDonacióg16.00l4oDu 9/48pCDMR16100005r2017-05-17s2017-05-17v16.00w2016-10-26yMON